Réformes navales / (Record no. 54377)

MARC details
000 -LEADER
campo de control de longitud fija 00566nam a22001815i 4500
001 - NÚMERO DE CONTROL
campo de control 54377
003 - IDENTIFICADOR DE NÚMERO DE CONTROL
campo de control ES-MaACL
005 - FECHA Y HORA DE LA ÚLTIMA TRANSACCIÓN
campo de control 20230906162938.0
007 - CAMPO FIJO DE DESCRIPCIÓN FÍSICA--INFORMACIÓN GENERAL
campo de control de longitud fija t|
008 - DATOS DE LONGITUD FIJA--INFORMACIÓN GENERAL
campo de control de longitud fija 960718s1899 fr ||||1| fre d
040 ## - FUENTE DE CATALOGACIÓN
Centro catalogador/agencia de origen CAM
Lengua de catalogación spa
Centro/agencia transcriptor CAM
100 1# - ENTRADA PRINCIPAL--NOMBRE DE PERSONA
Nombre de persona Fontin, Paul.
9 (RLIN) 51647
245 10 - MENCIÓN DEL TÍTULO
Título Réformes navales /
Mención de responsabilidad, etc. par Paul Fontin et le Commandant Vignot.
260 ## - PUBLICACIÓN, DISTRIBUCIÓN, ETC.
Lugar de publicación, distribución, etc. Paris ;
-- Nancy :
Nombre del editor, distribuidor, etc. Berger-Levrault et Cie,
Fecha de publicación, distribución, etc. 1899 (
Lugar de fabricación/manufactura Nancy :
Fabricante Imprimerie Berger-Levrault)
300 ## - DESCRIPCIÓN FÍSICA
Extensión XVII, 299 p. ;
Dimensiones 19 cm.
700 1# - ENTRADA AGREGADA--NOMBRE PERSONAL
Nombre de persona Vignot
Títulos y otros términos asociados al nombre , Commandant.
9 (RLIN) 114657
852 ## - LOCALIZACIÓN
Ubicación ES-MaACL
Número de control de estantería D-4671
Holdings
Estatus retirado Estado de pérdida Estado de daño No para préstamo Colección Biblioteca de origen Biblioteca actual Ubicación en estantería Fecha de adquisición Fuente de adquisición Total de préstamos Signatura topográfica completa Código de barras Visto por última vez Precio de reemplazo Tipo de ítem Koha
        Libros del s. XIX Biblioteca del Ateneo de Madrid Biblioteca del Ateneo de Madrid Sala Valle Inclán 17/01/2008     D-4671 901057140 23/02/2023 23/02/2023 Libro impreso antiguo